Performance of Brackishwater aquaculture development center

Đã lưu trong:
书目详细资料
格式: 图书
语言:Undetermined
出版: Brackishwater aquaculture development center 1995
主题:
标签: 添加标签
没有标签, 成为第一个标记此记录!
Thư viện lưu trữ: Trung tâm Học liệu Trường Đại học Cần Thơ
LEADER 00452nam a2200145Ia 4500
001 CTU_149503
008 210402s9999 xx 000 0 und d
082 |a 011.7 
082 |b P438 
245 0 |a Performance of Brackishwater aquaculture development center 
260 |b Brackishwater aquaculture development center 
260 |c 1995 
650 |a Aquaculture,Thủy sản 
904 |i Nguyên 
980 |a Trung tâm Học liệu Trường Đại học Cần Thơ